000
00215 a2200097 4500
001
42998
100
_a
Beatty
245
_a
His country was the world
260
_a
London
_b
Chatto & windus
_c
090
_c
26874
_d
26874
942
_a
NUST-CAE
_c
M
_c
18751
999
_c
278071
_d
278071